| 000 | 00729nam a2200217 a 4500 | ||
|---|---|---|---|
| 001 | 79854 | ||
| 003 | BD-RjUL | ||
| 005 | 20220526120908.0 | ||
| 008 | 220526s1955 pk 000 0 urd d | ||
| 035 | _a(BD-RjUL)79854 | ||
| 040 |
_aNNL _bara _cBD-RjUL |
||
| 041 | 0 | _aurd | |
| 082 |
_223 _a891.43909 _bURA 1955 |
||
| 110 |
_a[Urdu Academy ]اردو اکادمی _93198 |
||
| 245 | 1 | 0 |
_a ادبيات اردو /Adabiyāt-i Urdū / _c[Urdu Academy ]اردو اکادمی |
| 260 |
_aکراچی : _bاردو اکادمی , _c1955. |
||
| 300 |
_a480 p. ; ص. _c18 cm |
||
| 650 |
_aاردو لٹریچر -- ہستورے اینڈ کریتیکسم. _93199 |
||
| 650 |
_aUrdu literature _v History and criticism _9234 |
||
| 942 |
_2ddc _cBK |
||
| 999 |
_c79854 _d79854 |
||